Carta pastoral del ilustrísimo y reverendísimo señor obipso licenciado don José de Jesús Ortiz con motivo del Congreso Eucarístico /

محفوظ في:
التفاصيل البيبلوغرافية
مؤلف مشترك: Congreso Eucarístico Nacional ( Guadalajara, México)
مؤلفون آخرون: Ortiz, José de Jesús (autor) (autor)
التنسيق: وقائع المؤتمر كتاب
اللغة:الإسبانية
الموضوعات:
الوسوم: إضافة وسم
لا توجد وسوم, كن أول من يضع وسما على هذه التسجيلة!

MARC

LEADER 00000nam^a2200000^a^4500
001 000136102
005 20250526000000.0
009 20260310095308.222
037 |a Acervo ITESO - Biblioteca 
041 |a ESP 
082 |a 282. 72  |b CON 1906-car 
111 |a Congreso Eucarístico Nacional (  |n 1o. :  |d octubre de 1906 :  |c Guadalajara, México) 
240 1 1 |a [Congreso Eucarístico Nacional de México] 
245 1 0 |a Carta pastoral del ilustrísimo y reverendísimo señor obipso licenciado don José de Jesús Ortiz con motivo del Congreso Eucarístico /  |c Congreso Eucarístico Nacional, J.J. Ortiz. 
264 |a Guadalajara, México :  |b Tipografía de El Regional,  |c 1906 
300 |a 15 p. ;  |c 23.5 cm. 
649 |a XX 
650 |a Sermones 
650 |a Iglesia Católica en México -  |x Congresos 
650 |a Catolicismo -  |z México -  |x Congresos 
650 |a Iglesia Católica en México -  |x Historia 
650 |a Catolicismo -  |z México 
650 |a Cristianismo -  |z México 
650 |a Religión -  |z México 
700 |a Ortiz, José de Jesús  |e (autor) 
910 |a Fondo Salvador Reynoso Reynoso 
920 |a Impresos - Libros 
930 |a Libros Antiguos y Raros 
905 |a 108 
901 |a 0800014451  |b IT2  |c LRA  |u 20250526 
902 |a https://opac.biblio.iteso.mx/vufind/Record/000136102